| 000 | 00454nam a2200157Ia 4500 | ||
|---|---|---|---|
| 008 | 220204s9999 xx 000 0 und d | ||
| 082 |
_a581.14 _bWAS |
||
| 100 | _aWASSINK, E C | ||
| 245 | 0 | _aLight intensity effects in growth and development of Tulips iin comparison with those in Gladiolus | |
| 260 |
_aNederland _bMededelingen _c1965 |
||
| 650 | _aGladiolus | ||
| 650 | _aLight intensity | ||
| 650 | _aPlant growth | ||
| 650 | _aTulip | ||
| 942 | _cBK | ||
| 999 |
_c22206 _d22206 |
||